Top 15 der betroffenen Covid-19-Länder - 14. Juli 2021 - Statistiken

Allgemein
  • Dieses Quiz wurde 9 mal gespielt
  • Das Durchschnittsergebnis liegt bei 2 aus 28
Antwortstatistiken
Land % Korrekt
Italië
75%
Polen
25%
Argentinië
13%
Indonesië
13%
Iran
13%
Israël
13%
Bahrein
0%
België
0%
Brazilië
0%
Colombia
0%
Duitsland
0%
Estland
0%
Frankrijk
0%
Georgië
0%
India
0%
Litouwen
0%
Nederland
0%
Panama
0%
Portugal
0%
Rusland
0%
Slovenië
0%
Spanje
0%
Tsjechië
0%
Turkije
0%
Uruguay
0%
Verenigde Staten
0%
Verenigd Koninkrijk
0%
Zweden
0%
Keine übereinstimmenden Quizze gefunden
Verteilung der Resultate
Anzahl Personen mit jedem Resultat
Perzentil nach korrekt beantworteten Fragen
Ihre Resultats-Entwicklung
Sie haben dieses Quiz noch nicht gespielt